Fuerzas armadas y democratización en Centroamérica

Shranjeno v:
Bibliografske podrobnosti
Glavni avtor: Lungo Uclés, Mario
Format: Texto
Izdano: Tegucigalpa
Oznake: Označite
Brez oznak, prvi označite!

MARC

LEADER 00000 a a2200000 04500
001 21565
003
040
090 |a 095600  
100 |a Lungo Uclés, Mario  
245 |a Fuerzas armadas y democratización en Centroamérica  
260 |a Tegucigalpa  
300 |a 21 p.  
999 |c 11112  |d 11112